Killing the paper dragon : Electronic data interchange in business
Electronic Data Interchange (EDI) is revolutionizing the way that business is conducted by replacing paper with electronic transactions exchanged between computer systems. This volume explains how to adopt EDI as a means of improving the business process and as a productivity tool
Gardado en:
| Autor Principal: | |
|---|---|
| Formato: | Libro |
| Idioma: | Undetermined |
| Publicado: |
Oxford
Heinemann Newnes
1990
|
| Những chủ đề: | |
| Các nhãn: |
Engadir etiqueta
Sen Etiquetas, Sexa o primeiro en etiquetar este rexistro!
|
| Thư viện lưu trữ: | Trung tâm Học liệu Trường Đại học Cần Thơ |
|---|
| LEADER | 00878nam a2200205Ia 4500 | ||
|---|---|---|---|
| 001 | CTU_221703 | ||
| 008 | 210402s9999 xx 000 0 und d | ||
| 082 | |a 658.05 | ||
| 082 | |b M596 | ||
| 100 | |a Metzgen, Fred | ||
| 245 | 0 | |a Killing the paper dragon : | |
| 245 | 0 | |b Electronic data interchange in business | |
| 245 | 0 | |c Fred Metzgen | |
| 260 | |a Oxford | ||
| 260 | |b Heinemann Newnes | ||
| 260 | |c 1990 | ||
| 520 | |a Electronic Data Interchange (EDI) is revolutionizing the way that business is conducted by replacing paper with electronic transactions exchanged between computer systems. This volume explains how to adopt EDI as a means of improving the business process and as a productivity tool | ||
| 650 | |a Electronic data interchange,Trao đổi dữ liệu điện tử | ||
| 904 | |i Nguyên | ||
| 980 | |a Trung tâm Học liệu Trường Đại học Cần Thơ | ||